Gaming Quiz

Random Gaming or Video Games Quiz

Mass Effect Group Photo Quiz Stats

 Plays Quiz Updated Sep 21, 2015

Challenge
Share
Tweet
Score 0/19 Timer 05:00
0 Plays Today
% Correct
Shepard
86.9%
Jack
86.6%
Tali
86.2%
Miranda
85.7%
Garrus
85.7%
Joker
84.9%
Wrex
82.7%
Grunt
82.6%
Ashley
81.8%
Liara
81.4%
% Correct
EDI
76%
Jacob
75%
Samara
70%
James
63.9%
Kasumi
60.4%
Zaeed
58.8%
Javik
56%
Samantha
51%
Steve
49.5%

You're not logged in!

Compare scores with friends on all Sporcle quizzes.
Join for Free
OR
Log In

You Might Also Like...

Show Comments

Extras

Top Quizzes Today


Score Distribution

Your Account Isn't Verified!

In order to create a playlist on Sporcle, you need to verify the email address you used during registration. Go to your Sporcle Settings to finish the process.

Report this User

Report this user for behavior that violates our Community Guidelines.

Details: